| 000 | 00577nam a22002057a 4500 | ||
|---|---|---|---|
| 005 | 20240429153050.0 | ||
| 008 | 240429b |||||||| |||| 00| 0 eng d | ||
| 020 | _a9780443100789 | ||
| 082 |
_a617.96 _bAIT-T |
||
| 100 | _aAitkenhead Alan R. | ||
| 245 |
_aTextbook of Anaesthesia _cAitkenhead Alan R, Graham smith,David Rowbotham |
||
| 250 | _a5th Eed. | ||
| 260 |
_aChina; _bchurchill; _c2007. |
||
| 300 |
_ax,857p. _bill; _c24.5cm. |
||
| 500 | _aindex include . | ||
| 650 | _aMedical / Anesthesia | ||
| 700 | _aGraham smith | ||
| 700 | _aDavid Rowbotham | ||
| 999 |
_c35631 _d35631 |
||